Miasta w Wielkiej Brytanii - nagła śmierć - Statystyki

Ogólne statystyki
  • Ten quiz został rozwiązany 483 razy
  • Średni wynik to 13 z 21
Answers on the Grid
Answers color-coded by a green-red scale on the quiz's grid according to % correct below.
Hawr
Bergen
Gulbene
Trinidad
Dublin
Uddevalla
Adelaide
Cork
Oradea
Austin
Dallas
Calgary
Aberdeen
Belfast
Birmingham
Bradford
Brighton
Bristol
Cardiff
Dover
Edynburg
Glasgow
Ipswich
Leeds
Liverpool
Londyn
Luton
Manchester
Nottingham
Portsmouth
Reading
Southampton
Wick
 
Statystyki odpowiedzi
Odpowiedź % Poprawnych
Liverpool
80%
Londyn
78%
Birmingham
76%
Manchester
75%
Leeds
73%
Nottingham
71%
Southampton
71%
Brighton
69%
Glasgow
68%
Bristol
67%
Cardiff
67%
Luton
66%
Edynburg
64%
Ipswich
60%
Portsmouth
60%
Belfast
56%
Bradford
56%
Reading
54%
Aberdeen
52%
Dover
51%
Wick
24%
Nie znaleziono quizów pasujących do podanych kryteriów
Rozkład punktacji
Procent ludzi z każdym wynikiem
Percentyl według liczby udzielonych odpowiedzi
Twoja historia wyników
Nie rozwiązałeś tego quizu